Cours de grammaire historique de la langue française / (Record no. 150935)
[ view plain ]
| 000 -LEADER | |
|---|---|
| campo de control de longitud fija | 00756nam a2200205 i 4500 |
| 001 - NÚMERO DE CONTROL | |
| campo de control | 150935 |
| 003 - IDENTIFICADOR DE NÚMERO DE CONTROL | |
| campo de control | ES-MaACL |
| 005 - FECHA Y HORA DE LA ÚLTIMA TRANSACCIÓN | |
| campo de control | 20230906203752.0 |
| 007 - CAMPO FIJO DE DESCRIPCIÓN FÍSICA--INFORMACIÓN GENERAL | |
| campo de control de longitud fija | t| |
| 008 - DATOS DE LONGITUD FIJA--INFORMACIÓN GENERAL | |
| campo de control de longitud fija | 071120q18951899fr ||||1| fre d |
| 100 1# - ENTRADA PRINCIPAL--NOMBRE DE PERSONA | |
| Nombre de persona | Darmesteter, Arsène ( |
| Fechas asociadas al nombre | 1846-1888) |
| 9 (RLIN) | 42735 |
| 245 10 - MENCIÓN DEL TÍTULO | |
| Título | Cours de grammaire historique de la langue française / |
| Mención de responsabilidad, etc. | Arsène Darmesteter ; publiée par les soins de M. Léopold Sudre. |
| 250 ## - MENCION DE EDICION | |
| Mención de edición | 4e éd. |
| 260 ## - PUBLICACIÓN, DISTRIBUCIÓN, ETC. | |
| Lugar de publicación, distribución, etc. | Paris : |
| Nombre del editor, distribuidor, etc. | Ch. Delagrave, |
| Fecha de publicación, distribución, etc. | [189-?] |
| 300 ## - DESCRIPCIÓN FÍSICA | |
| Extensión | v. <2-4> ; |
| Dimensiones | 19 cm. |
| 505 8# - NOTA DE CONTENIDO CON FORMATO | |
| Nota de contenido con formato | Contiene: 2ª parte : Morphologie - 3ª parte : Formation des mots et vie des mots. - 4º parte : Syntaxe |
| 650 04 - PUNTO DE ACCESO ADICIONAL DE MATERIA--TÉRMINO DE MATERIA | |
| Término de materia o nombre geográfico como elemento de entrada | Lengua francesa- |
| Subdivisión general | Gramática. |
| 9 (RLIN) | 14220 |
| 700 1# - ENTRADA AGREGADA--NOMBRE PERSONAL | |
| Nombre de persona | Sudre, Léopold. |
| 9 (RLIN) | 108721 |
| 852 ## - LOCALIZACIÓN | |
| Ubicación | ES-MaACL |
| Número de control de estantería | B-4274-76 |
| Estatus retirado | Estado de pérdida | Estado de daño | No para préstamo | Colección | Biblioteca de origen | Biblioteca actual | Ubicación en estantería | Fecha de adquisición | Fuente de adquisición | Total de préstamos | Signatura topográfica completa | Código de barras | Visto por última vez | Precio de reemplazo | Tipo de ítem Koha |
|---|---|---|---|---|---|---|---|---|---|---|---|---|---|---|---|
| Libros del s. XIX | Biblioteca del Ateneo de Madrid | Biblioteca del Ateneo de Madrid | Sala Pardo Bazán | 17/01/2008 | B-4274-76 | 1157499 | 23/02/2023 | 23/02/2023 | Libro impreso antiguo |
